| 000 | 01831cam a22003614a 4500 | ||
|---|---|---|---|
| 999 |
_c21099 _d21099 |
||
| 001 | 14086126 | ||
| 003 | OSt | ||
| 005 | 20200605115831.0 | ||
| 008 | 050824s2006 ii a b 001 0 eng | ||
| 010 | _a 2005024514 | ||
| 020 | _a0761934073 (US : Pbk.) | ||
| 035 | _a(OCoLC)ocm61458196 | ||
| 040 |
_aDLC _coclc _dBWKUK _dBAKER _dDLC |
||
| 042 | _apcc | ||
| 043 | _aa-ii--- | ||
| 050 | 0 | 0 |
_aHQ1742 _b.T45 2006 |
| 082 | 0 | 0 |
_a324.082095409043 _bTHA/W |
| 100 |
_aThapar-Björkert, Suruc _d1966- _92522 |
||
| 245 | 1 | 0 |
_aWomen in the Indian national movement : _bunseen faces and unheard voices, 1930-42 / _cSuruchi Thapar-Björkert. |
| 260 |
_aNew Delhi ; _aThousand Oaks, Calif. ; _aLondon : _bSAGE Publications, _c2006. |
||
| 300 |
_a304 p. : _bill. ; _c23 cm. |
||
| 504 | _aIncludes bibliographical references (p. [271]-295) and index. | ||
| 505 | 0 | _aTheoretical engagements and disengagements -- Political environment in India -- Private values and public lives : the domestication of public participation -- The colonial prison -- Politicisation of the domestic sphere -- Re-negotiating the boundaries of identity and domesticity. | |
| 650 | 0 |
_aWomen _zIndia _xSocial conditions. |
|
| 650 | 0 |
_aNationalism _zIndia _xHistory. |
|
| 651 | 0 |
_aIndia _xPolitics and government _y1919-1947. |
|
| 651 | 0 |
_aIndia _xHistory _yBritish occupation, 1765-1947. |
|
| 856 | 4 | 1 |
_3Table of contents only _uhttp://www.loc.gov/catdir/toc/ecip0518/2005024514.html |
| 856 | 4 | 2 |
_3Publisher description _uhttp://www.loc.gov/catdir/enhancements/fy0661/2005024514-d.html |
| 906 |
_a7 _bcbc _corignew _d1 _eecip _f20 _gy-gencatlg |
||
| 942 |
_2ddc _cBK _h324.082095409043 _iTHA/W _k324.082095409043 _mTHA/W |
||